[Event "HUN-chT2 Barcza 0405"]
[Site "Hungary"]
[Date "2004.12.19"]
[Round "5"]
[White "Uzonyi, Miklos"]
[Black "Bodnar, Istvan"]
[Result "0-1"]
[WhiteElo "1726"]
[BlackElo "1860"]
[PlyCount "74"]
[EventDate "2004.09.26"]
[EventType "team-tourn"]
[EventRounds "11"]
[EventCountry "HUN"]
[SourceTitle "EXT 2009"]
[Source "ChessBase"]
[SourceDate "2008.11.26"]
[SourceVersion "1"]
[SourceVersionDate "2008.11.26"]
[SourceQuality "1"]
[WhiteTeam "Hajduboszormeny II"]
[BlackTeam "Derecske"]
[WhiteTeamCountry "HUN"]
[BlackTeamCountry "HUN"]

1. e4 Nf6 2. e5 Nd5 3. c4 Nb6 4. d4 d6 5. exd6 cxd6 6. Be3 g6 7. Qd2 Bg7 8. Bh6 0-0 9. Nc3 Nc6 10. Bxg7 Kxg7 11. h3 e6 12. Nf3 d5 13. c5 Nd7 14. Bd3 b6 15. Bb5 Qc7 16. 0-0 bxc5 17. dxc5 Rb8 18. Bxc6 Qxc6 19. Qd4+ f6 20. b4 Bb7 21. a3 e5 22. Qg4 d4 23. b5 Qxc5 24. Qxd7+ Rf7 25. Na4 Qc2 26. Qd6 Rc8 27. Ng5 fxg5 28. Qxe5+ Kg8 29. Qxd4 Rc4 30. Qd8+ Kg7 31. Nc5 Rxc5 32. Qd4+ Kh6 33. Rac1 Qxc1 34. Rxc1 Rxc1+ 35. Kh2 Rc2 36. h4 Rfxf2 37. hxg5+ Kh5 0-1